000 00383nam a2200133Ia 4500
008 211109s9999||||xx |||||||||||||| ||und||
082 _a823
_bOLS-T
100 _aOlsen, Oluf Reed
245 0 _aTwo Eggs on My Plate
260 _bNATIONAL BOOKSTALL
_aKottayam
_c1980
630 _xGENERAL STACK
650 _aEnglish Literature
_vEnglish Fiction
_xEnglish NovelGeneralia
942 _cBOOK
999 _c43901
_d43901